000 01144cam a2200313 i 4500
999 _c2022
_d2022
001 (Sirsi) a959397
003 OSt
005 20230301075611.0
008 160504s2016 enka b 000 1 eng d
010 _a2015027300
020 _a9781849056830
_q(hardcover) :
040 _aDLC
_beng
_cDLC
_dTAE
_dKH8
_erda
042 _anbic
082 0 _a823.92 RED
100 1 _aRedford, Ali.
_eauthor
245 1 4 _aThe boy who built a wall around himself /
_cAli Redford ; illustrated by Kara Simpson.
260 _c2016.
264 1 _aLondon ;
_aPhiladelphia :
_bJessica Kingsley Publishers,
_c2016.
300 _a32 unnumbered pages :
_bcolor illustrations ;
_c26 cm.
336 _atext
_2rdacontent.
336 _astill image
_2rdacontent.
337 _aunmediated
_2rdamedia.
338 _avolume
_2rdacarrier.
520 _a"Uses a simple metaphor to explain how children who have had painful or traumatic experiences can build barriers between themselves and other people"--
_cProvided by publisher.
521 1 _aAges 4-8.
650 0 _aEmotional problems
_vJuvenile fiction.
700 1 _aSimpson, Kara.
_eillustrator
942 _2ddc
_cNFIC